Tekst "Feel Good Inc." Gorillaz - Statystyki

Ogólne statystyki
  • Ten quiz został rozwiązany 9 razy
  • Średni wynik to 5 z 8
Statystyki odpowiedzi
Tekst % Poprawnych
turn {forever} hand in hand
88%
let's turn forever, {you} and {me}
75%
{love} forever, {love} is free
75%
{windmill}, {windmill} for the land
75%
{windmill}, {windmill} for the land
75%
is {everybody} in?
63%
it is ticking, {falling down}
50%
take it all in on your {stride}
38%
Nie znaleziono quizów pasujących do podanych kryteriów
Rozkład punktacji
Procent ludzi z każdym wynikiem
Percentyl według liczby udzielonych odpowiedzi
Twoja historia wyników
Nie rozwiązałeś tego quizu